| 000 | 01952cam a22004218i 4500 | ||
|---|---|---|---|
| 001 | 908993114 | ||
| 003 | OCoLC | ||
| 005 | 20210408061135.0 | ||
| 008 | 150513s2016 pau b 001 0 eng | ||
| 010 | _a 2015019218 | ||
| 016 | 7 |
_a101658517 _2DNLM |
|
| 020 | _a9780323188357 (pbk. : alk. paper) | ||
| 020 | _a0323188354 (pbk. : alk. paper) | ||
| 035 |
_a(OCoLC)908993114 _z(OCoLC)912476766 _z(OCoLC)913331020 |
||
| 040 |
_aDNLM/DLC _beng _erda _cDLC _dNLM _dOCLCO _dYDXCP _dBTCTA |
||
| 042 | _apcc | ||
| 049 | _aYYEA | ||
| 080 |
_a575 _bJ-77 |
||
| 096 | _aQZ 50 J82m 2016 | ||
| 100 | 1 | _aJorde, Lynn B. | |
| 245 | 1 | 0 |
_aMedical genetics / _cLynn B. Jorde, John C. Carey, Michael J. Bamshad. |
| 250 | _a5th ed. | ||
| 260 |
_aPhiladelphia, PA : _bElsevier, _c[2016] |
||
| 300 |
_ax, 356 p. : _b col. ill. ; _c 28 cm. |
||
| 365 | _b32.86 usd | ||
| 504 | _aIncludes bibliographical references and index. | ||
| 505 | 0 | _aBackground and history -- Basic cell biology : structure and function of genes and chromosomes -- Genetic variation : its origin and detection -- Autosomal dominant and recessive inheritance -- Sex-linked and nontraditional modes of inheritance -- Clinical cytogenetics : the chromosomal basis of human disease -- Biochemical genetics : disorders of metabolism -- Disease-gene identification -- Immunogenetics -- Genetic basis of development -- Cancer genetics -- Multifactorial inheritance and common diseases -- Genetic testing and gene therapy -- Genetics and precision medicine -- Clinical genetics and genetic counseling. | |
| 590 | _ac.1 10069604 Ritt 9/22/15 $70.99. | ||
| 650 | 2 |
_aGenetic Diseases, Inborn _xgenetics. |
|
| 650 | 2 |
_aGenetics, Medical _xmethods. |
|
| 650 | 2 | _aGenetic Counseling. | |
| 650 | 2 | _aGenetic Predisposition to Disease. | |
| 650 | 2 | _aGenetic Techniques. | |
| 653 | _aგენეტიკა | ||
| 700 | 1 |
_aCarey, John C., _d1946. |
|
| 700 | 1 | _aBamshad, Michael J. | |
| 942 |
_2udc _cBK |
||
| 999 |
_c17 _d17 |
||